Fundamental accounting principles / (Record no. 4901)

MARC details
000 -LEADER
fixed length control field 00843cam a22002535a 4500
005 - DATE AND TIME OF LATEST TRANSACTION
control field 20201124142509.0
008 - FIXED-LENGTH DATA ELEMENTS--GENERAL INFORMATION
fixed length control field 081216s 2007nyua fr 001 0 eng d
010 ## - LIBRARY OF CONGRESS CONTROL NUMBER
LC control number 2006041956
020 ## - INTERNATIONAL STANDARD BOOK NUMBER
International Standard Book Number 0071103090 (International ed.)
022 ## - INTERNATIONAL STANDARD SERIAL NUMBER
International Standard Serial Number 9780071103091 (International ed.)
040 ## - CATALOGING SOURCE
Original cataloging agency EG-ScBUE
Language of cataloging eng
Transcribing agency EG-ScBUE
Modifying agency EG-ScBUE
082 04 - DEWEY DECIMAL CLASSIFICATION NUMBER
Classification number 657
Item number WIL
Edition number 22
100 1# - MAIN ENTRY--PERSONAL NAME
Personal name Wild, John J.
245 10 - TITLE STATEMENT
Title Fundamental accounting principles /
Statement of responsibility, etc John J. Wild, Kermit D. Larson, Barbara Chiappetta.
250 ## - EDITION STATEMENT
Edition statement 18th ed.,International edition.
260 ## - PUBLICATION, DISTRIBUTION, ETC. (IMPRINT)
Place of publication, distribution, etc New York :
Name of publisher, distributor, etc McGraw-Hill,
Date of publication, distribution, etc c.2007.
300 ## - PHYSICAL DESCRIPTION
Extent 1 v. (various pagings) :
Other physical details ill. (some col.) ;
Dimensions 29 cm.
500 ## - GENERAL NOTE
General note Includes index.
500 ## - GENERAL NOTE
General note Includes glossary.
590 ## - LOCAL NOTE (RLIN)
Local note doaa mohamed
650 #7 - SUBJECT ADDED ENTRY--TOPICAL TERM
Topical term or geographic name as entry element Accounting.
Source of heading or term BUEsh
651 ## - SUBJECT ADDED ENTRY--GEOGRAPHIC NAME
Source of heading or term BUEsh
653 ## - INDEX TERM--UNCONTROLLED
Resource For college BAEPS, Economics
Arrived date list May2019
Holdings
Withdrawn status Item status Source of classification or shelving scheme Damaged status Not for loan Vendor Home library Current library Shelving location Date acquired Source of acquisition Cost, normal purchase price Total Checkouts Full call number Barcode Date last seen Date last borrowed Cost, replacement price Koha item type Materials specified (bound volume or other part) Use restrictions Total Renewals
    Dewey Decimal Classification       Central Library Central Library First floor 30/09/2007   180.00 9 657 WIL 000005969 15/07/2025 06/02/2013 225.00 NB - Book (Non borrowing)      
    Dewey Decimal Classification Damaged     Central Library Central Library First floor 30/09/2007 Purchase 180.00 13 657 WIL 000005970 24/08/2016 20/04/2015 225.00 Book - Borrowing BOX01 Restricted Access 5
    Dewey Decimal Classification Damaged     Central Library Central Library First floor 30/09/2007 Purchase 180.00 14 657 WIL 000005971 24/08/2016 22/04/2015 225.00 Book - Borrowing BOX01   26
    Dewey Decimal Classification Damaged     Central Library Central Library First floor 30/09/2007 Purchase 180.00 14 657 WIL 000005972 07/09/2017 21/12/2015 225.00 Book - Borrowing BOX02   22
    Dewey Decimal Classification       Central Library Central Library First floor 30/09/2007 Purchase 180.00 19 657 WIL 000005973 15/07/2025 31/07/2016 225.00 Book - Borrowing     3
    Dewey Decimal Classification Damaged     Central Library Central Library First floor 30/09/2007 Purchase 180.00 18 657 WIL 000005975 07/09/2017 11/01/2016 225.00 Book - Borrowing BOX02   5
    Dewey Decimal Classification Damaged     Central Library Central Library First floor 30/09/2007 Purchase 180.00 13 657 WIL 000005976 24/08/2016 20/10/2015 225.00 Book - Borrowing BOX01   18
    Dewey Decimal Classification Damaged     Central Library Central Library First floor 30/09/2007 Purchase 180.00 17 657 WIL 000005977 14/03/2018 15/01/2018 225.00 Book - Borrowing BOX01   24
    Dewey Decimal Classification Damaged     Central Library Central Library First floor 16/12/2008 Purchase 180.00 6 657 WIL 000005917 24/08/2016 20/04/2015 225.00 Book - Borrowing BOX01   11
  Lost and Paid For Dewey Decimal Classification     Baccah Central Library Central Library First floor 01/11/2009 Purchase 300.00 4 657 WIL 000018537 08/04/2014 08/04/2014 375.00 Book - Borrowing     4
    Dewey Decimal Classification Damaged     Central Library Central Library First floor 19/03/2018       657 WIL 000005974 19/03/2018     Book - Borrowing BOX01    
    Dewey Decimal Classification       Central Library Central Library First floor 06/10/2018     3 657 WIL 000043207 15/07/2025 20/03/2022   Book - Borrowing     32
    Dewey Decimal Classification     Donation-Gift Central Library Central Library First floor 26/05/2019 Donation   3 657 WIL 000047857 15/07/2025 24/02/2020   Book - Borrowing     34
    Dewey Decimal Classification     Donation-Gift Central Library Central Library First floor 26/05/2019 Donation   2 657 WIL 000047858 15/07/2025 23/11/2019   Book - Borrowing     17